জাতীয় শিক্ষা কমিশনের রিপোর্ট / (Record no. 18589)
[ view plain ]
| 000 -LEADER | |
|---|---|
| fixed length control field | 00793nam a22001937a 4500 |
| 003 - CONTROL NUMBER IDENTIFIER | |
| control field | BDDh-ASL |
| 005 - DATE AND TIME OF LATEST TRANSACTION | |
| control field | 20231015025721.0 |
| 008 - FIXED-LENGTH DATA ELEMENTS--GENERAL INFORMATION | |
| fixed length control field | 201015s1959 b ||||| |||| 00| 0 b d |
| 040 ## - CATALOGING SOURCE | |
| Original cataloging agency | BDDh-ASL |
| Transcribing agency | BDDh-ASL |
| 041 ## - LANGUAGE CODE | |
| Language code of text/sound track or separate title | ben |
| 082 ## - DEWEY DECIMAL CLASSIFICATION NUMBER | |
| Classification number | 370 |
| Item number | JAT |
| 110 1# - MAIN ENTRY--CORPORATE NAME | |
| 9 (RLIN) | 1427 |
| Corporate name or jurisdiction name as entry element | পাকিস্তান সরকার শিক্ষা দফতর |
| 245 ## - TITLE STATEMENT | |
| Title | জাতীয় শিক্ষা কমিশনের রিপোর্ট / |
| Statement of responsibility, etc. | পাকিস্তান সরকার শিক্ষা দফতর |
| 246 ## - VARYING FORM OF TITLE | |
| Title proper/short title | Jatiya Shikkha Commission Report. |
| 260 ## - PUBLICATION, DISTRIBUTION, ETC. | |
| Place of publication, distribution, etc. | করাচী : |
| Name of publisher, distributor, etc. | ম্যানেজার, |
| Date of publication, distribution, etc. | 1959. |
| 300 ## - PHYSICAL DESCRIPTION | |
| Extent | ৪৩২ পৃ. ; |
| Dimensions | ২৪ সে. মি. |
| 650 #0 - SUBJECT ADDED ENTRY--TOPICAL TERM | |
| 9 (RLIN) | 1399 |
| Topical term or geographic name entry element | শিক্ষা |
| Geographic subdivision | পাকিস্তান |
| 942 ## - ADDED ENTRY ELEMENTS (KOHA) | |
| Source of classification or shelving scheme | Dewey Decimal Classification |
| Koha item type | Books |
| Withdrawn status | Lost status | Source of classification or shelving scheme | Damaged status | Not for loan | Collection code | Home library | Current library | Shelving location | Date acquired | Source of acquisition | Total Checkouts | Full call number | Barcode | Date last seen | Copy number | Price effective from | Koha item type |
|---|---|---|---|---|---|---|---|---|---|---|---|---|---|---|---|---|---|
| Dewey Decimal Classification | Non-fiction | Asiatic Society Library | Asiatic Society Library | General Stacks | 10/15/2020 | ASB Collection | 370 JAT | 101795 | 10/15/2020 | C-1 | 10/15/2020 | Books |